[Event "Algiers Ameyar Memorial 13th"]
[Site "Algiers"]
[Date "2015.06.09"]
[Round "1"]
[White "Miladinovic, Igor"]
[Black "Gator, Mosab"]
[Result "1-0"]
[WhiteElo "2561"]
[BlackElo "2130"]
[PlyCount "167"]
[EventDate "2015.06.09"]
[EventType "swiss"]
[EventRounds "9"]
[EventCountry "ALG"]
[SourceTitle "CBM 167 Extra"]
[Source "ChessBase"]
[SourceDate "2015.09.14"]
[SourceVersion "1"]
[SourceVersionDate "2015.09.14"]
[SourceQuality "1"]

1. d4 d5 2. c4 e6 3. Nc3 Be7 4. Nf3 Nf6 5. Bg5 Nbd7 6. cxd5 exd5 7. e3 c6 8. h3 Ne4 9. Nxe4 dxe4 10. Bxe7 Qxe7 11. Nd2 Nf6 12. Rc1 Be6 13. Bc4 0-0 14. Bxe6 Qxe6 15. Qb3 Qxb3 16. Nxb3 Ne8 17. Na5 Nd6 18. Ke2 Rfe8 19. a4 Rac8 20. Rc3 Kf8 21. Rhc1 Rb8 22. b4 a6 23. Nb3 Ra8 24. Rc5 Rec8 25. g4 h6 26. h4 f6 27. Nd2 Ke7 28. Nf1 Kd7 29. Ng3 b6 30. Rh5 Rh8 31. g5 hxg5 32. hxg5 Rxh5 33. Nxh5 fxg5 34. Rg1 g6 35. Nf6+ Ke7 36. Ng4 a5 37. bxa5 Rxa5 38. Ne5 Rxa4 39. Rxg5 Ra2+ 40. Kf1 Rc2 41. Rxg6 b5 42. Rg8 Ke6 43. Rb8 c5 44. Nc6 c4 45. d5+ Kd7 46. Rb6 Rb2 47. Ne5+ Ke7 48. Rc6 Rb3 49. Kg2 c3 50. Rc7+ Kf6 51. Nc6 Nc4 52. Nd4 Rb2 53. d6 Nxd6 54. Rxc3 Nc4 55. Kg3 Ke5 56. Rc1 Kd5 57. Rh1 Nd6 58. Rh5+ Kc4 59. Nc6 Rd2 60. Rh8 Kc5 61. Nd4 Kc4 62. Rb8 Rb2 63. Rd8 Kc5 64. Ra8 b4 65. Rb8 Kd5 66. Rb6 Kc5 67. Rc6+ Kd5 68. Rc7 Nc4 69. Rd7+ Kc5 70. Ne6+ Kc6 71. Rc7+ Kd6 72. Rxc4 Kxe6 73. Rxe4+ Kf5 74. Rc4 Rb1 75. Kf3 b3 76. Rb4 b2 77. Rb5+ Ke6 78. Ke4 Kf6 79. f4 Kf7 80. Rb7+ Ke8 81. f5 Kf8 82. Ke5 Re1 83. Rxb2 Rxe3+ 84. Kf6 1-0

[Event "Africa-ch"]
[Site "Cairo"]
[Date "2015.05.07"]
[Round "6"]
[White "Adam, Jamal"]
[Black "Gator, Mosab"]
[Result "0-1"]
[WhiteElo "2092"]
[BlackElo "2138"]
[PlyCount "64"]
[EventDate "2015.05.02"]
[EventType "swiss"]
[EventRounds "9"]
[EventCountry "EGY"]
[SourceTitle "CBM 166 Extra"]
[Source "ChessBase"]
[SourceDate "2015.06.18"]
[SourceVersion "1"]
[SourceVersionDate "2015.06.18"]
[SourceQuality "1"]

1. e4 c5 2. Nf3 Nc6 3. d4 cxd4 4. Nxd4 g6 5. Be3 Bg7 6. Nc3 Nf6 7. Be2 0-0 8. 0-0 d6 9. h3 Bd7 10. Qd2 Nxd4 11. Bxd4 Bc6 12. Bf3 Re8 13. Nd5 Nd7 14. Bxg7 Kxg7 15. g3 Rc8 16. Bg2 Bxd5 17. exd5 Qb6 18. b3 Qc5 19. c4 b5 20. cxb5 Qxb5 21. Qd4+ Nf6 22. Qxa7 Nxd5 23. Qd4+ Nf6 24. Rfe1 d5 25. f4 Kg8 26. b4 Qa4 27. Qb2 h5 28. a3 h4 29. gxh4 Qa7+ 30. Qf2 Qxf2+ 31. Kxf2 Rc4 32. Kf3 Nh5 0-1

[Event "Africa-ch"]
[Site "Cairo"]
[Date "2015.05.06"]
[Round "5"]
[White "Gator, Mosab"]
[Black "Dzilani, Abel"]
[Result "1-0"]
[WhiteElo "2138"]
[BlackElo "2049"]
[PlyCount "85"]
[EventDate "2015.05.02"]
[EventType "swiss"]
[EventRounds "9"]
[EventCountry "EGY"]
[SourceTitle "CBM 166 Extra"]
[Source "ChessBase"]
[SourceDate "2015.06.18"]
[SourceVersion "1"]
[SourceVersionDate "2015.06.18"]
[SourceQuality "1"]

1. e4 e5 2. Nf3 Nc6 3. Bc4 Bc5 4. c3 d6 5. d4 exd4 6. cxd4 Bb4+ 7. Bd2 Bxd2+ 8. Nbxd2 Nge7 9. 0-0 0-0 10. Bd3 Ng6 11. Re1 Qf6 12. Qa4 Nf4 13. Bf1 Qg6 14. Kh1 Bd7 15. Qc4 Rac8 16. Qc3 Rfe8 17. Rad1 Bg4 18. Qe3 Nd5 19. Qb3 Nf6 20. Qxb7 Nd8 21. Qxa7 Ne6 22. e5 Bxf3 23. Nxf3 Ng4 24. Kg1 d5 25. Qa5 c5 26. h3 Nh6 27. Bd3 Qh5 28. dxc5 Nf4 29. Qc3 Re6 30. Bb1 Rcc6 31. Rd4 g5 32. b4 Kg7 33. b5 Rc8 34. c6 Nxh3+ 35. gxh3 Qxh3 36. Qd3 Rg6 37. Nh2 Qe6 38. Rxd5 Qe7 39. Rd7 Qb4 40. Qd2 Qh4 41. Bxg6 hxg6 42. e6 Rh8 43. Qd4+ 1-0

[Event "Olympiad-41"]
[Site "Tromsoe"]
[Date "2014.08.14"]
[Round "11.3"]
[White "Makem, Pierre"]
[Black "Gator, Mosab"]
[Result "0-1"]
[WhiteElo "1928"]
[BlackElo "2166"]
[PlyCount "82"]
[EventDate "2014.08.02"]
[EventType "team-swiss"]
[EventRounds "11"]
[EventCountry "NOR"]
[SourceTitle "CBM 162"]
[Source "ChessBase"]
[SourceDate "2014.09.17"]
[SourceVersion "1"]
[SourceVersionDate "2014.09.17"]
[SourceQuality "1"]
[WhiteTeam "Cameroon"]
[BlackTeam "Libya"]
[WhiteTeamCountry "CAM"]
[BlackTeamCountry "LBY"]

1. Nf3 Nf6 2. d4 e6 3. e3 b6 4. Bd3 Bb7 5. c4 Bb4+ 6. Nbd2 Ne4 7. 0-0 f5 8. a3 Be7 9. Qc2 d5 10. Qa4+ c6 11. Ne5 0-0 12. f3 Nd6 13. e4 dxe4 14. fxe4 Nxe4 15. Ndf3 c5 16. Be3 cxd4 17. Bxe4 Bxe4 18. Rad1 Qc7 19. Bxd4 Nc6 20. Nxc6 Bxc6 21. Qc2 Bd6 22. Qe2 Rae8 23. Ng5 e5 24. Bc3 Rf6 25. Bb4 Bxb4 26. axb4 h6 27. Nf3 f4 28. b5 Ba8 29. b4 Qe7 30. Qd2 e4 31. Rfe1 Rf7 32. Re2 g5 33. Nd4 e3 34. Qd3 Be4 35. Qb3 Bg6 36. Nc6 Qf6 37. c5 Bh5 38. Rd6 Qa1+ 39. Rd1 Qg7 40. Rd8 Rxd8 41. g4 Qa1+ 0-1

[Event "Olympiad-41"]
[Site "Tromsoe"]
[Date "2014.08.04"]
[Round "3.3"]
[White "Roselli Mailhe, Bernardo"]
[Black "Gator, Mosab"]
[Result "1-0"]
[WhiteElo "2425"]
[BlackElo "2166"]
[PlyCount "51"]
[EventDate "2014.08.02"]
[EventType "team-swiss"]
[EventRounds "11"]
[EventCountry "NOR"]
[SourceTitle "CBM 162"]
[Source "ChessBase"]
[SourceDate "2014.09.17"]
[SourceVersion "1"]
[SourceVersionDate "2014.09.17"]
[SourceQuality "1"]
[WhiteTeam "Uruguay"]
[BlackTeam "Libya"]
[WhiteTeamCountry "URU"]
[BlackTeamCountry "LBY"]

1. d4 Nf6 2. c4 e6 3. Nc3 d5 4. cxd5 exd5 5. Bg5 Nbd7 6. e3 c6 7. Bd3 Be7 8. Qc2 0-0 9. Nf3 Re8 10. 0-0 g6 11. Rab1 a5 12. a3 Nf8 13. b4 Ne6 14. Bh4 Ng7 15. b5 Ne4 16. Bxe7 Qxe7 17. bxc6 bxc6 18. Ne5 Ba6 19. Bxa6 Rxa6 20. Nxe4 dxe4 21. Qc4 Rea8 22. Nxc6 Qxa3 23. Rb7 Ne6 24. d5 Nc5 25. Rc7 Re8 26. d6 1-0

[Event "Al Ain op 2nd"]
[Site "Al Ain"]
[Date "2013.12.22"]
[Round "4"]
[White "Gator, Mosab"]
[Black "Seddaoui, Yamine"]
[Result "1/2-1/2"]
[WhiteElo "2120"]
[BlackElo "2051"]
[PlyCount "48"]
[EventDate "2013.12.19"]
[EventType "swiss"]
[EventRounds "9"]
[EventCountry "UAE"]
[SourceTitle "CBM 158 Extra"]
[Source "ChessBase"]
[SourceDate "2014.02.28"]
[SourceVersion "1"]
[SourceVersionDate "2014.02.28"]
[SourceQuality "1"]

1. e4 e5 2. Nc3 Nc6 3. g3 Nf6 4. Bg2 Bb4 5. Nge2 0-0 6. 0-0 d6 7. d3 h6 8. h3 Bc5 9. Kh2 Nh7 10. Be3 Bxe3 11. fxe3 Ne7 12. g4 Ng6 13. Ng3 Nh4 14. Bh1 c6 15. Qe1 Kh8 16. Nf5 Nxf5 17. exf5 g5 18. fxg6 fxg6 19. Rxf8+ Qxf8 20. Qg3 Qe7 21. Rf1 Bd7 22. Ne4 g5 23. Nd2 Rf8 24. Kg1 Qg7 1/2-1/2

[Event "Al Ain op 2nd"]
[Site "Al Ain"]
[Date "2013.12.20"]
[Round "2"]
[White "Sarwat, Walaa"]
[Black "Gator, Mosab"]
[Result "1/2-1/2"]
[WhiteElo "2315"]
[BlackElo "2120"]
[PlyCount "44"]
[EventDate "2013.12.19"]
[EventType "swiss"]
[EventRounds "9"]
[EventCountry "UAE"]
[SourceTitle "CBM 158 Extra"]
[Source "ChessBase"]
[SourceDate "2014.02.28"]
[SourceVersion "1"]
[SourceVersionDate "2014.02.28"]
[SourceQuality "1"]

1. c4 e5 2. Nc3 Nf6 3. e3 Be7 4. Qc2 0-0 5. Bd3 c6 6. Nf3 d6 7. c5 Nbd7 8. cxd6 Bxd6 9. b3 Nc5 10. Be2 e4 11. Nd4 Be5 12. Ba3 Bxd4 13. exd4 Qxd4 14. 0-0 Rd8 15. Nb5 cxb5 16. Bxc5 Qe5 17. f4 Qc7 18. Rac1 Bf5 19. Qb2 Qd7 20. Bb4 Nd5 21. Bc5 Nf6 22. Bb4 Nd5 1/2-1/2

[Event "Arab Clubs-chT"]
[Site "Monastir"]
[Date "2013.11.07"]
[Round "5.2"]
[White "Gator, Mosab"]
[Black "Abdulwahhab, Ahmed Abdulsattar"]
[Result "0-1"]
[WhiteElo "2127"]
[BlackElo "2254"]
[PlyCount "58"]
[EventDate "2013.11.04"]
[EventType "team-tourn"]
[EventRounds "9"]
[EventCountry "TUN"]
[SourceTitle "EXT 2014"]
[Source "ChessBase"]
[SourceDate "2013.11.20"]
[SourceVersion "1"]
[SourceVersionDate "2013.11.20"]
[SourceQuality "1"]
[WhiteTeam "Dhahra"]
[BlackTeam "Ittisalat"]
[WhiteTeamCountry "LBY"]
[BlackTeamCountry "IRQ"]

1. e4 c5 2. Nf3 e6 3. d4 cxd4 4. Nxd4 a6 5. Bd3 Nf6 6. 0-0 d6 7. c4 b6 8. Nc3 Bb7 9. Qe2 Nbd7 10. Bc2 Rc8 11. Re1 Be7 12. a4 Qc7 13. b3 0-0 14. Bb2 Rfe8 15. Rad1 Bf8 16. Kh1 g6 17. Nf3 Ne5 18. Nd2 Nh5 19. Qf1 Bh6 20. Ne2 d5 21. f4 Ng4 22. Qf3 f5 23. Bc3 Ngf6 24. e5 dxc4 25. Qf2 Nd5 26. Nxc4 Ndxf4 27. Nxf4 Nxf4 28. Kg1 Nxg2 29. Re2 Nf4 0-1

[Event "Arab Clubs-chT"]
[Site "Monastir"]
[Date "2013.11.05"]
[Round "2.3"]
[White "Gator, Mosab"]
[Black "Sebih, Kamel"]
[Result "1/2-1/2"]
[WhiteElo "2127"]
[BlackElo "2222"]
[PlyCount "46"]
[EventDate "2013.11.04"]
[EventType "team-tourn"]
[EventRounds "9"]
[EventCountry "TUN"]
[SourceTitle "EXT 2014"]
[Source "ChessBase"]
[SourceDate "2013.11.20"]
[SourceVersion "1"]
[SourceVersionDate "2013.11.20"]
[SourceQuality "1"]
[WhiteTeam "Dhahra"]
[BlackTeam "ASSN"]
[WhiteTeamCountry "LBY"]
[BlackTeamCountry "ALG"]

1. e4 c5 2. Nf3 d6 3. d4 cxd4 4. Nxd4 Nf6 5. Nc3 a6 6. Be2 e6 7. 0-0 Be7 8. Be3 Qc7 9. f4 b5 10. Bf3 Bb7 11. e5 dxe5 12. Bxb7 Qxb7 13. fxe5 Nd5 14. Qf3 0-0 15. Nf5 Bd8 16. Nxd5 exd5 17. Kh1 Nd7 18. Qg3 g6 19. Nd6 Qc6 20. Bh6 Be7 21. Bxf8 Rxf8 22. Nf5 Bc5 23. Nh6+ Kg7 1/2-1/2

[Event "Arab Games"]
[Site "Doha"]
[Date "2011.12.20"]
[Round "7"]
[White "Salem, AR Saleh"]
[Black "Gator, Mosab"]
[Result "1-0"]
[WhiteElo "2511"]
[BlackElo "2115"]
[PlyCount "45"]
[EventDate "2011.12.13"]
[EventType "team-swiss"]
[EventRounds "9"]
[EventCountry "QAT"]
[SourceTitle "CBM 145 Extra"]
[Source "ChessBase"]
[SourceDate "2012.01.03"]
[SourceVersion "1"]
[SourceVersionDate "2012.01.03"]
[SourceQuality "1"]
[WhiteTeam "United Arab Emirates"]
[BlackTeam "Libya"]
[WhiteTeamCountry "UAE"]
[BlackTeamCountry "LBY"]

1. d4 d5 2. c4 e6 3. Nc3 Nf6 4. cxd5 exd5 5. Bg5 Nbd7 6. e3 c6 7. Bd3 Be7 8. Nge2 0-0 9. Qc2 h6 10. Bh4 Re8 11. f3 Qa5 12. 0-0 c5 13. Kh1 a6 14. Bf5 cxd4 15. Nxd4 Bb4 16. e4 Bxc3 17. bxc3 g6 18. e5 Rxe5 19. Bxg6 Ne8 20. f4 Re3 21. Rae1 Rxe1 22. Rxe1 Nd6 23. Bxf7+ 1-0

[Event "Olympiad-39"]
[Site "Khanty-Mansiysk"]
[Date "2010.09.24"]
[Round "4.1"]
[White "Gator, Mosab"]
[Black "Baules Rodriguez, Jorge Luis"]
[Result "1/2-1/2"]
[WhiteElo "2107"]
[BlackElo "2335"]
[PlyCount "111"]
[EventDate "2010.09.21"]
[EventType "team-swiss"]
[EventRounds "11"]
[EventCountry "RUS"]
[SourceTitle "CBM 139"]
[Source "ChessBase"]
[SourceDate "2010.11.18"]
[SourceVersion "1"]
[SourceVersionDate "2010.11.18"]
[SourceQuality "1"]
[WhiteTeam "Libya"]
[BlackTeam "Panama"]
[WhiteTeamCountry "LBY"]
[BlackTeamCountry "PAN"]

1. e4 c5 2. Nc3 Nc6 3. f4 e6 4. Nf3 Nge7 5. d3 d6 6. Qe2 Nd4 7. Nxd4 cxd4 8. Nd1 Nc6 9. g3 Be7 10. Bg2 0-0 11. 0-0 Bd7 12. Bd2 Rc8 13. Nf2 Qb6 14. c4 a5 15. b3 Nb4 16. a3 Nc2 17. Rab1 Ne3 18. Bxe3 dxe3 19. Ng4 d5 20. exd5 exd5 21. Ne5 Be8 22. cxd5 Rc3 23. Nc4 Qd4 24. Rfd1 b5 25. Nxa5 Bxa3 26. Kf1 Bc5 27. Rbc1 b4 28. Bf3 Bb5 29. Kg2 Bb6 30. Nc6 Qc5 31. Rxc3 Qxc3 32. Ne7+ Kh8 33. Nf5 Qxb3 34. Nxe3 Re8 35. Qc2 Qxc2+ 36. Nxc2 Ba4 37. Nxb4 Bxd1 38. Bxd1 Re1 39. Bf3 Bc5 40. Nc6 Rg1+ 41. Kh3 Kg8 42. Ne5 f5 43. d4 Bxd4 44. d6 g5 45. Bd5+ Kg7 46. d7 g4+ 47. Kh4 Bb6 48. Kg5 Rd1 49. Be6 Bd8+ 50. Kxf5 h5 51. Nc6 Bf6 52. d8Q Bxd8 53. Nxd8 Rxd8 54. Kg5 Rd2 55. Kxh5 Kf6 56. f5 1/2-1/2

[Event "Mediterranean-ch U20"]
[Site "Chania"]
[Date "2010.09.06"]
[Round "8"]
[White "Gator, Mosab"]
[Black "Theodorou, Nikolas"]
[Result "0-1"]
[WhiteElo "2121"]
[BlackElo "1750"]
[PlyCount "68"]
[EventDate "2010.09.01"]
[EventType "swiss"]
[EventRounds "9"]
[EventCountry "GRE"]
[SourceTitle "CBM 138 Extra"]
[Source "ChessBase"]
[SourceDate "2010.10.29"]
[SourceVersion "1"]
[SourceVersionDate "2010.10.29"]
[SourceQuality "1"]

1. e4 e6 2. d3 d5 3. Nd2 Nf6 4. g3 dxe4 5. dxe4 e5 6. Bg2 Bc5 7. Ngf3 0-0 8. c3 Re8 9. 0-0 Bg4 10. h3 Bh5 11. Qe2 c6 12. Rd1 Qc7 13. Nf1 Nbd7 14. g4 Bg6 15. Ng3 Nf8 16. Nh4 Rad8 17. Bg5 Ne6 18. Bxf6 gxf6 19. Qf3 Nf4 20. Bf1 Rxd1 21. Rxd1 Rd8 22. Rxd8+ Qxd8 23. Ne2 Nd3 24. Kh2 Nxf2 25. Ng3 Qd2 26. Ng2 Kg7 27. b4 Bb6 28. a4 a6 29. Be2 Qc1 30. Bf1 Qb1 31. a5 Ba7 32. h4 h6 33. Ne3 Bxe3 34. Qxe3 Nxg4+ 0-1